• 首页
  • 本馆介绍
  • 公告通知
  • 最新文献
  • 馆藏检索
  • 电子资源
  • 读者导购
  • 参考咨询
  • 我的图书馆
  • 登录
  • 详细信息显示
  • 放入我的书架
  • 预约/预借图书
  • 作者相关作品
  • 分类相关作品
  • 丛书相关作品
  • 出版社相关作品

书目信息

  • 表格格式
  • 工作单格式
  • 卡片格式
题名:
作物遗传与育种学
    
 
作者: ;江苏省南通农业学校 主编
分册: 下册   作物育种和良种繁育
出版信息: 北京   中国农业出版社  1995
页数: 337页
开本: 19cm
丛书名:
单 册:
中图分类: S33-43
科图分类:
主题词: 作物育种--遗传学--专业学校--教材 , 作物育种--良种繁育--专业学校--教材
电子资源:
ISBN: 7-109-03350-3
000 00857nam0 2200253 450
001 0100508199
005 20101116092619.0
010    @a7-109-03350-3@dCNY11.80
011    @a7-109-03350-3
100    @a20021005d1995 em y0chiy0110 ea
101 0  @achi
102    @aCN@b110000
105    @ay z 000yy
106    @ar
200 1  @a作物遗传与育种学@9Zuo Wu Yi;Wei Chuan;Zhuan Yu Yu;Yo Zhong;Chong Xue @i作物育种和良种繁育@f江苏省南通农业学校主编@h下册@b专著
210    @a北京@c中国农业出版社@d1995
215    @a337页@d19cm
300    @a全国中等农业学校教材 农学类专业用
606 0  @a作物育种@x遗传学@x专业学校@x教材
606 0  @a作物育种@x良种繁育@x专业学校@x教材
690    @aS33-43@v3
711 02 @a江苏省南通农业学校@9jiang su sheng nan tong nong ye xue xiao@4主编
801  0 @aCN@bAiZhiMarc@c19950601
905    @aBZT@dS33-43@e7:2@f37@sS33-43/7:2
    
    作物遗传与育种学.作物育种和良种繁育/江苏省南通农业学校主编.下册.-北京:中国农业出版社,1995
    337页;19cm
    全国中等农业学校教材 农学类专业用
    
    ISBN 7-109-03350-3:CNY11.80
    
●
相关链接 在五车中查询图书 在当当中查询图书 在豆瓣中查询图书


正题名:作物遗传与育种学     索取号:S33-43/7:2         预约/预借

序号 登录号 条形码 馆藏地/架位号 状态 备注
1 2000036134   2000036134   旧书回溯/ [索取号:S33-43/7:2] 在馆    
2 2000043230   2000043230   旧书回溯/ [索取号:S33-43/7:2] 在馆    
3 2000043231   2000043231   旧书回溯/ [索取号:S33-43/7:2] 在馆    
4 2000043232   2000043232   旧书回溯/ [索取号:S33-43/7:2] 在馆    
5 2000043233   2000043233   旧书回溯/ [索取号:S33-43/7:2] 在馆    
6 2000043234   2000043234   旧书回溯/ [索取号:S33-43/7:2] 在馆    
7 2000043235   2000043235   旧书回溯/ [索取号:S33-43/7:2] 在馆    
8 2000043236   2000043236   旧书回溯/ [索取号:S33-43/7:2] 在馆    
9 2000043573   2000043573   旧书回溯/ [索取号:S33-43/7:2] 在馆    
10 2000043808   2000043808   旧书回溯/ [索取号:S33-43/7:2] 在馆    
11 2000065034   2000065034   旧书回溯/ [索取号:S33-43/7:2] 在馆    
12 2000065273   2000065273   旧书回溯/ [索取号:S33-43/7:2] 在馆    
13 2000065274   2000065274   旧书回溯/ [索取号:S33-43/7:2] 在馆    
14 2000069295   2000069295   旧书回溯/ [索取号:S33-43/7:2] 在馆    
15 2000069296   2000069296   旧书回溯/ [索取号:S33-43/7:2] 在馆    
16 2000069297   2000069297   旧书回溯/ [索取号:S33-43/7:2] 在馆    
17 2000069298   2000069298   旧书回溯/ [索取号:S33-43/7:2] 在馆    
18 2000069299   2000069299   旧书回溯/ [索取号:S33-43/7:2] 在馆    
19 2000069300   2000069300   旧书回溯/ [索取号:S33-43/7:2] 在馆    
20 2000126680   2000126680   旧书回溯/ [索取号:S33-43/7:2] 在馆    
21 2000126681   2000126681   旧书回溯/ [索取号:S33-43/7:2] 在馆    
22 2000126682   2000126682   旧书回溯/ [索取号:S33-43/7:2] 在馆    
23 2000126683   2000126683   旧书回溯/ [索取号:S33-43/7:2] 在馆    
24 2000126684   2000126684   旧书回溯/ [索取号:S33-43/7:2] 在馆    
25 2000126685   2000126685   旧书回溯/ [索取号:S33-43/7:2] 在馆    
26 2000126686   2000126686   旧书回溯/ [索取号:S33-43/7:2] 在馆    
27 2000126687   2000126687   旧书回溯/ [索取号:S33-43/7:2] 在馆    
28 2000126688   2000126688   旧书回溯/ [索取号:S33-43/7:2] 在馆    
29 2000126689   2000126689   旧书回溯/ [索取号:S33-43/7:2] 在馆    
30 2000126690   2000126690   旧书回溯/ [索取号:S33-43/7:2] 在馆    
31 2000127828   2000127828   旧书回溯/ [索取号:S33-43/7:2] 在馆    
32 2000128025   2000128025   旧书回溯/ [索取号:S33-43/7:2] 在馆    
33 2000129953   2000129953   旧书回溯/ [索取号:S33-43/7:2] 在馆    
34 2000129954   2000129954   旧书回溯/ [索取号:S33-43/7:2] 在馆    
35 2000134352   2000134352   旧书回溯/ [索取号:S33-43/7:2] 在馆    
36 2000134353   2000134353   旧书回溯/ [索取号:S33-43/7:2] 在馆    
37 2000134354   2000134354   旧书回溯/ [索取号:S33-43/7:2] 在馆    
山东省滨州职业学院图书馆 欢迎您!
大连网信软件有限公司© 版权所有